ISO 11228-2 : Ergonomics, manual handling : Part 2: Pushing and pulling : Amendment 1 : 2022-07
Na minha lista:
| Formato: | Livro |
|---|---|
| Idioma: | inglês |
| Publicado em: |
ISO
2022
|
| Assuntos: | |
| Tags: |
Sem tags, seja o primeiro a adicionar uma tag!
|
MARC
| LEADER | 00000nam a22000003a 4500 | ||
|---|---|---|---|
| 001 | 0105386 | ||
| 003 | SK-STU | ||
| 005 | 20231006105729.5 | ||
| 007 | ta | ||
| 008 | 231006s ----xo-----e------000-0-----d | ||
| 040 | |a STU |b slo | ||
| 041 | 0 | |a eng | |
| 044 | |a xxk | ||
| 245 | 1 | 0 | |a ISO 11228-2 : |b Ergonomics, manual handling : Part 2: Pushing and pulling : Amendment 1 : 2022-07 |
| 260 | |b ISO |c 2022 | ||
| 300 | |a 4 s. | ||
| 650 | 0 | 7 | |a ergonómia |
| 996 | |b 284M089430 |c M* N-1725-1 |l MMKN |s A |a 24 |w 0105386_0001 | ||